| 000 | 00791nam a2200229 i 4500 | ||
|---|---|---|---|
| 003 | DO-SdBNP | ||
| 005 | 20230721150247.0 | ||
| 007 | ta | ||
| 008 | 230721b2016 dr a|||| |||| 00| 0 spa d | ||
| 040 |
_aDO-SdBNP _bspa _cBNPHU _erda |
||
| 082 | 4 | _222 | |
| 100 |
_aSalas, Rosa, _975332 _eautor |
||
| 245 | 1 |
_aDe los cielos los hielos : _bpoemas y poesias para el alma / _cRosa Salas ; revisión, corrección de estilo y asesoría ; diseño e ilustración de portada, Jessica María Salas Taveras |
|
| 264 |
_aSanto Domingo : _bs.n., _c2016. |
||
| 300 |
_a56 páginas : _bilustraciones, _c28 cm. |
||
| 336 |
_2rdacontent _atexto _btxt |
||
| 337 |
_2rdamedia _asin mediación _bn |
||
| 338 |
_2rdacarrier _avolumen _bnc |
||
| 590 | _aInventariado, 2023/BT | ||
| 910 | _aBtavárez | ||
| 942 |
_2ddc _cLBS1 |
||
| 999 |
_c54240 _d54240 |
||